| 000 | 00448cam a2200169ua 4500 | ||
|---|---|---|---|
| 001 | 11831 | ||
| 008 | 191111n ii |||gr||||Z||||||eng | ||
| 020 | _a9788172682132 | ||
| 040 | _cMAIN | ||
| 082 | _a915.3 | ||
| 100 |
_aA.C. Newcombe, _eAuthor. |
||
| 245 |
_aVillage , town, and jungle life in India _cBy A.C. Newcombe |
||
| 260 |
_aNew Delhi: _bLogos Press , _c2011. |
||
| 300 | _a417p. | ||
| 653 | _aGeography of & travel in Asia | ||
| 942 | _cBK | ||
| 999 |
_c10625 _d10625 |
||